Réflexions ou sentences et maximes morales /

Сохранить в:
Библиографические подробности
Главный автор: La Rochefoucauld, François, Duque de (autor)
Другие авторы: Sablé, Madame de (autor) (autor)
Формат:
Язык:французский
Опубликовано: París, Francia : Gallimard, 1976, c1976
Серии:(Folio ; 728)
Предметы:
Метки: Добавить метку
Нет меток, Требуется 1-ая метка записи!

MARC

LEADER 00000nam^a2200000^a^4500
001 000071054
005 20250521000000.0
009 20260310091501.818
037 |a Acervo ITESO - Biblioteca 
041 |a FRA 
082 |a 848.  |b LAR 
100 |a La Rochefoucauld, François,  |c Duque de  |e (autor) 
240 1 1 |a [Máximas y sentencias morales] 
245 1 0 |a Réflexions ou sentences et maximes morales /  |c F. La Rochefoucauld ; pról de Jean Lafond. 
264 4 |a París, Francia :  |b Gallimard,  |c 1976, c1976 
300 |a 311 p. 
336 |a texto  |b txt  |2 rdacontenido 
337 |a sin mediación  |b n  |2 rdamedio 
338 |a volumen  |b nc  |2 rdasoporte 
440 1 |a (Folio ;  |v 728) 
649 |a XX 
650 |a Máximas Francesas 
650 |a Epigramas Franceses 
650 |a Literatura Francesa -  |y Siglo XVII 
650 |a Etica en la Literatura 
740 |a Réflexions diverses /  |c F. La Rochefoucauld ; pról de Jean Lafond. 
740 |a Maximes de Madame de Sablé /  |c M. de Sablé ; pról de Jean Lafond. 
700 |a Sablé, Madame de  |e (autor) 
910 |a Fondo Armando Suárez Gómez 
920 |a Impresos - Libros 
930 |a Fondos Especiales 
940 |a Literatura 
905 |a 111 
901 |a 0700003397  |b IT2  |c ESP  |u 20250521 
902 |a https://opac.biblio.iteso.mx/vufind/Record/000071054